000 00694nam a2200229 a 4500
005 20240314063646.0
008 140331s2005 es r 000 0 spa d
020 _a8478648232
035 _aUPN01000196672
049 _aI
050 4 _aQC495.5
_bS5.9 2005
100 1 _aShulman, Mark,
_d1962-
_935363
245 1 3 _aEl zorro astuto /
_cMark Shulman ; il. Sally Chambers.
250 _a2a ed.
260 _aBarcelona, Esp. :
_bCombel,
_c2005.
300 _a[8] p. :
_bprincipalmente il. col.
534 _pTítulo original:
_tFoxy fox
650 4 _aCuentos infantiles estadounidenses
_910762
650 2 _aColores
_vLiteratura infantil
_921262
905 _aInfantil
999 _c168773
_d168773